000 00609nam a2200229 a 4500
005 20240612064044.0
008 070208s1990 mx r 000 0 spa d
020 _a8482394533
035 _aUPN01000149238
049 _aCG
050 4 _aBF637 C5
_bS3.3 1990
100 1 _aSáez, Benigno
245 1 1 _a¡Comportate! /
_cBenigno Sáez, Antonio Crespillo.
250 _a9a ed.
260 _aMadrid :
_bPalabra,
_cc1990.
300 _a282 p.
650 4 _aConducta de vida
_94416
650 4 _aCortesía
_911263
650 4 _aEtiqueta
_914056
700 1 _aCrespillo, Antonio,
_ecoaut.
905 _aLibro
999 _c121379
_d121379